Účtovanie dobropisov - preplatkov v obci, rozpočtovej organizácii a príspevkovej organizácii
Príspevok sa venuje problematike účtovania dobropisov - preplatkov podľa opatrenia Ministerstva financií Slovenskej republiky zo dňa 12. 12. 2022 č. MF/014454/2022-36, ktorým sa ustanovujú podrobnosti o postupoch účtovania a rámcovej účtovnej osnove pre obce, vyššie územné celky a nimi zriadené rozp...
Gespeichert in:
| 1. Verfasser: | |
|---|---|
| Format: | Buchkapitel |
| Sprache: | Slowakisch |
| Schlagworte: | |
| Tags: |
Keine Tags, Fügen Sie das erste Tag hinzu!
|
MARC
| LEADER | 00000naa a2200000 4500 | ||
|---|---|---|---|
| 001 | 0305428 | ||
| 005 | 20241204093239.9 | ||
| 041 | 0 | |a slo | |
| 044 | |a SK | ||
| 245 | 1 | 0 | |a Účtovanie dobropisov - preplatkov v obci, rozpočtovej organizácii a príspevkovej organizácii |c Terézia Urbanová |
| 520 | |a Príspevok sa venuje problematike účtovania dobropisov - preplatkov podľa opatrenia Ministerstva financií Slovenskej republiky zo dňa 12. 12. 2022 č. MF/014454/2022-36, ktorým sa ustanovujú podrobnosti o postupoch účtovania a rámcovej účtovnej osnove pre obce, vyššie územné celky a nimi zriadené rozpočtové organizácie a príspevkové organizácie v znení neskorších predpisov. | ||
| 610 | 2 | 0 | |a účtovanie |
| 610 | 2 | 0 | |a obce |
| 610 | 2 | 0 | |a preplatky |
| 610 | 2 | 0 | |a výnosy |
| 610 | 2 | 0 | |a obdobie účtovné |
| 100 | 1 | |a Urbanová, Terézia | |